[Event "7th EuropCh Women"]
[Site "Kusadasi / Turkey"]
[Date "2006.04.09"]
[Round "6"]
[Board "1"]
[White "Cherednichenko, Elena"]
[Black "Wilson, Alexandra"]
[Result "1/2-1/2"]
[WhiteElo "1977"]
[BlackElo "2099"]
[PlyCount "46"]
[EventDate "2006.04.04"]
[EventRounds "11"]
[EventCountry "AUT"]

1.d4 Nf6 2.c4 g6 3.Nc3 d5 4.cxd5 Nxd5 5.Bd2 Bg7 6.e4 Nb6 7.Be3 O-O 8.Be2 Nc6
9.Nf3 Bg4 10.d5 Bxf3 11.Bxf3 Ne5 12.O-O Nbc4 13.Bc1 Nxf3+ 14.Qxf3 Qd6 15.Qe2 Qb4
16.a3 Qb3 17.Qd1 Na5 18.Qxb3 Nxb3 19.Rb1 Rac8 20.Be3 Rfd8 21.Rfd1 b6 22.Nb5 a6
23.Na7 Ra8

[Event "7th EuropCh Women"]
[Site "Kusadasi / Turkey"]
[Date "2006.04.10"]
[Round "7"]
[Board "1"]
[White "Dembo, Yelena"]
[Black "Peptan, Corina"]
[Result "1/2-1/2"]
[WhiteElo "2464"]
[BlackElo "2408"]
[PlyCount "69"]
[EventDate "2006.04.04"]
[EventRounds "11"]
[EventCountry "AUT"]

1.e4 c5 2.Nf3 e6 3.d4 cxd4 4.Nxd4 a6 5.Nc3 Qc7 6.Bd3 Nc6 7.Be3 Nf6 8.O-O h5 9.h3
b5 10.Nxc6 Qxc6 11.a3 Bb7 12.Qe2 Be7 13.Bd4 Rc8 14.Rad1 Kf8 15.Rfe1 Rh6 16.f4
Rg6 17.Rd2 Qc7 18.Qf1 Bc5 19.Bxc5+ Qxc5+ 20.Qf2 e5 21.Qxc5+ Rxc5 22.f5 Rg5 23.a4
bxa4 24.Nxa4 Ra5 25.Nc3 h4 26.Bf1 Ke7 27.Rd3 Rc5 28.Rde3 Nh5 29.Be2 Nf4 30.Bg4
g6 31.fxg6 Rxg6 32.Rd1 d6 33.Rd2 Rc4 34.Kf1 Rd4 35.Rf2

[Event "7th EuropCh Women"]
[Site "Kusadasi / Turkey"]
[Date "2006.04.10"]
[Round "7"]
[Board "1"]
[White "Bosboom Lanchava, Tea"]
[Black "Zhukova, Natalia"]
[Result "1/2-1/2"]
[WhiteElo "2380"]
[BlackElo "2425"]
[PlyCount "22"]
[EventDate "2006.04.04"]
[EventRounds "11"]
[EventCountry "AUT"]

1.d4 d5 2.c4 c6 3.cxd5 cxd5 4.Nc3 Nf6 5.Bf4 Nc6 6.e3 a6 7.Rc1 Bg4 8.Qb3 Na5
9.Qa4+ Nc6 10.Qb3 Na5 11.Qa4+ Nc6

[Event "7th EuropCh Women"]
[Site "Kusadasi / Turkey"]
[Date "2006.04.10"]
[Round "7"]
[Board "1"]
[White "Atalik, Ekaterina"]
[Black "Muzychuk, Mariya"]
[Result "1-0"]
[WhiteElo "2379"]
[BlackElo "2172"]
[PlyCount "73"]
[EventDate "2006.04.04"]
[EventRounds "11"]
[EventCountry "AUT"]

1.d4 d5 2.c4 e5 3.dxe5 d4 4.Nf3 Nc6 5.Nbd2 Nge7 6.Nb3 Nf5 7.e4 Bb4+ 8.Bd2 Nh4
9.Bxb4 Nxf3+ 10.gxf3 Nxb4 11.Qd2 Nc6 12.O-O-O Nxe5 13.f4 Nc6 14.Nxd4 Qe7 15.Nxc6
bxc6 16.Rg1 O-O 17.Qd4 f6 18.f5 a5 19.c5 a4 20.Bc4+ Kh8 21.Rg3 Ba6 22.Bxa6 Rxa6
23.Qd7 Qxd7 24.Rxd7 Ra5 25.Rgxg7 Rxc5+ 26.Kd2 Rb8 27.Rxh7+ Kg8 28.Rdg7+ Kf8
29.Rh8+ Kxg7 30.Rxb8 Kh6 31.f4 Kh5 32.h3 Kh4 33.e5 Rd5+ 34.Kc3 Rd7 35.e6 Re7
36.Rg8 Kxh3 37.Kd4

[Event "7th EuropCh Women"]
[Site "Kusadasi / Turkey"]
[Date "2006.04.10"]
[Round "7"]
[Board "1"]
[White "Lomineishvili, Maia"]
[Black "Danielian, Elina"]
[Result "1/2-1/2"]
[WhiteElo "2399"]
[BlackElo "2422"]
[PlyCount "23"]
[EventDate "2006.04.04"]
[EventRounds "11"]
[EventCountry "AUT"]

1.e4 c6 2.d4 d5 3.exd5 cxd5 4.c4 Nf6 5.Nc3 e6 6.Nf3 Bb4 7.cxd5 exd5 8.Bd3 O-O
9.O-O Bg4 10.h3 Bh5 11.Bg5 Be7 12.Be2

[Event "7th EuropCh Women"]
[Site "Kusadasi / Turkey"]
[Date "2006.04.10"]
[Round "7"]
[Board "1"]
[White "Pogonina, Natalija"]
[Black "Chelushkina, Irina"]
[Result "0-1"]
[WhiteElo "2440"]
[BlackElo "2320"]
[PlyCount "110"]
[EventDate "2006.04.04"]
[EventRounds "11"]
[EventCountry "AUT"]

1.e4 c5 2.Nf3 Nc6 3.d4 cxd4 4.Nxd4 Nf6 5.Nc3 e5 6.Ndb5 d6 7.a4 a6 8.Na3 Bg4 9.f3
Be6 10.Bc4 Rc8 11.O-O Be7 12.Be3 Nb4 13.Nd5 Nbxd5 14.exd5 Bf5 15.Qd2 O-O 16.a5
Nd7 17.b4 Bg6 18.Rad1 f5 19.f4 Bf6 20.Bb3 exf4 21.Rxf4 Bc3 22.Qc1 Nf6 23.Bd2 Be5
24.Rc4 Ne4 25.Bf4 Rxc4 26.Bxc4 Bc3 27.Qb1 Qf6 28.Qb3 Bh5 29.Rd3 Bd4+ 30.Be3
Bxe3+ 31.Rxe3 Qa1+ 32.Bf1 Qd4 33.Qd3 Qxb4 34.Nc4 Qc5 35.Qa3 Qd4 36.Qd3 Qa7
37.Nb6 Bg6 38.Qd4 Re8 39.Rb3 Qb8 40.Nc4 Qc7 41.Qb6 Qe7 42.Qxb7 Qf6 43.Qb6 Bf7
44.Rd3 Rd8 45.h3 Nc5 46.Rd2 h5 47.Rd1 h4 48.Be2 Be8 49.Bf3 Ba4 50.Rd2 Kh7 51.c3
Bb5 52.Na3 Re8 53.Rd1 Be2 54.Bxe2 Rxe2 55.Rf1 Qg5

[Event "7th EuropCh Women"]
[Site "Kusadasi / Turkey"]
[Date "2006.04.10"]
[Round "7"]
[Board "1"]
[White "Botsari, Anna Maria"]
[Black "Muzychuk, Anna"]
[Result "1/2-1/2"]
[WhiteElo "2341"]
[BlackElo "2419"]
[PlyCount "148"]
[EventDate "2006.04.04"]
[EventRounds "11"]
[EventCountry "AUT"]

1.d4 d6 2.c4 e5 3.Nc3 exd4 4.Qxd4 Nf6 5.g3 Nc6 6.Qd2 Be6 7.Nd5 Ne5 8.b3 g6 9.Bb2
Bg7 10.Bg2 O-O 11.Nh3 c6 12.Ndf4 Bf5 13.f3 Re8 14.O-O d5 15.g4 Bd7 16.cxd5 Nxd5
17.Nxd5 cxd5 18.Nf2 Qh4 19.Rae1 Rad8 20.h3 d4 21.Ne4 Bc6 22.Qg5 Qxg5 23.Nxg5 h6
24.Ne4 Bxe4 25.fxe4 Nc6 26.Bf3 Be5 27.Rd1 Rd7 28.Kg2 Red8 29.Ba3 Kg7 30.Rd3 g5
31.Rfd1 f6 32.e3 Kf7 33.Bc5 b6 34.Ba3 Ke8 35.exd4 Rxd4 36.Rxd4 Rxd4 37.Rxd4 Nxd4
38.Bc1 Kd7 39.Kf2 Kc6 40.Be2 Bg3+ 41.Kf1 Be5 42.Bc4 Nc2 43.Ke2 Nb4 44.a3 Nc2
45.Kd3 Nd4 46.Be3 Nf3 47.Ke2 Nh4 48.Bf7 Kd6 49.a4 Ke7 50.Bc4 Ng6 51.Kd3 Bf4
52.Bf2 Bd6 53.Be3 Bc5 54.Bd2 a5 55.Bd5 Kd6 56.Bb7 Ne5+ 57.Ke2 Nd7 58.Bc8 Nb8
59.Bc3 Nc6 60.Bxf6 Bd4 61.Bxd4 Nxd4+ 62.Kd3 Nxb3 63.Kc4 Nd2+ 64.Kb5 Kc7 65.Bf5
Nf3 66.Bh7 Ne5 67.Bg8 Nd7 68.Bd5 Kd6 69.Bc6 Ne5 70.Ba8 Kc7 71.Bd5 Nd3 72.Bc4 Ne5
73.Bd5 Nd7 74.Bc6 Ne5

[Event "7th EuropCh Women"]
[Site "Kusadasi / Turkey"]
[Date "2006.04.10"]
[Round "7"]
[Board "1"]
[White "Javakhishvili, Lela"]
[Black "Shadrina, Tatiana"]
[Result "1/2-1/2"]
[WhiteElo "2410"]
[BlackElo "2371"]
[PlyCount "57"]
[EventDate "2006.04.04"]
[EventRounds "11"]
[EventCountry "AUT"]

1.d4 d5 2.c4 c6 3.Nf3 Nf6 4.e3 Bf5 5.Nc3 e6 6.Nh4 Bg6 7.Qb3 Qc7 8.Bd2 Ne4 9.Nxe4
Bxe4 10.cxd5 exd5 11.Bd3 Bxd3 12.Qxd3 g6 13.Nf3 Bd6 14.b4 a6 15.O-O O-O 16.a4 b5
17.e4 dxe4 18.Qxe4 Qe7 19.Qxe7 Bxe7 20.axb5 cxb5 21.Rfc1 Rd8 22.Kf1 Ra7 23.Ne5
f6 24.Nd3 Kf7 25.Be3 Rad7 26.Ra2 Rd6 27.Nc5 Rc8 28.Rac2 Rd5 29.Nd3

[Event "7th EuropCh Women"]
[Site "Kusadasi / Turkey"]
[Date "2006.04.10"]
[Round "7"]
[Board "1"]
[White "Zielinska, Marta"]
[Black "Khotenashvili, Bela"]
[Result "0-1"]
[WhiteElo "2366"]
[BlackElo "2291"]
[PlyCount "106"]
[EventDate "2006.04.04"]
[EventRounds "11"]
[EventCountry "AUT"]

1.b3 e5 2.Bb2 Nc6 3.e3 g6 4.f4 d6 5.Nf3 Bg7 6.Bb5 Bg4 7.Bxc6+ bxc6 8.h3 Bxf3
9.Qxf3 Ne7 10.fxe5 dxe5 11.e4 Nc8 12.O-O O-O 13.d3 Nd6 14.Nc3 Qh4 15.a4 a5
16.Qf2 Qe7 17.Qc5 Qd7 18.Rae1 Nb7 19.Qe3 Nd8 20.Ne2 Ne6 21.Ba3 Rfe8 22.Bb2 Rf8
23.Rf3 c5 24.Rf2 Nd4 25.Ng3 Qe7 26.Ref1 Ra6 27.Ba3 Bf6 28.Kh2 Bg5 29.Qe1 Bf4
30.Bc1 g5 31.Bxf4 gxf4 32.Nf5 Qg5 33.Nxd4 cxd4 34.Rf3 Kh8 35.Rg1 Rg8 36.g3 Rc6
37.Rg2 Rh6 38.g4 Ra6 39.b4 axb4 40.Qxb4 Qf6 41.c3 c5 42.Qc4 h5 43.cxd4 cxd4
44.g5 Qe6 45.Qc2 Rga8 46.Rff2 Rxa4 47.Qe2 Qg6 48.Qf3 Ra1 49.Rb2 Re1 50.h4 Raa1
51.Rgc2 Kg7 52.Re2 Rg1 53.Ra2 Rg3

[Event "7th EuropCh Women"]
[Site "Kusadasi / Turkey"]
[Date "2006.04.10"]
[Round "7"]
[Board "1"]
[White "Gavasheli, Ana"]
[Black "Paehtz, Elisabeth"]
[Result "0-1"]
[WhiteElo "2244"]
[BlackElo "2438"]
[PlyCount "42"]
[EventDate "2006.04.04"]
[EventRounds "11"]
[EventCountry "AUT"]

1.e4 c5 2.Nc3 e6 3.f4 d5 4.exd5 exd5 5.d4 Nf6 6.Bb5+ Nc6 7.Qe2+ Be7 8.dxc5 O-O
9.Bd2 Nd4 10.Qd3 Bxc5 11.O-O-O Bf5 12.Qf1 Bxc2 13.Re1 Ne4 14.Bd3 Bxd3 15.Qxd3
Nf2 16.Qf1 Nxh1 17.Nh3 Qd7 18.g4 Qxg4 19.Nxd5 Rfe8 20.Ng5 Ne2+ 21.Kb1 Qf5+

[Event "7th EuropCh Women"]
[Site "Kusadasi / Turkey"]
[Date "2006.04.10"]
[Round "7"]
[Board "1"]
[White "Khurtsidze, Nino"]
[Black "Calotescu, Ana Cristina"]
[Result "1-0"]
[WhiteElo "2426"]
[BlackElo "2325"]
[PlyCount "98"]
[EventDate "2006.04.04"]
[EventRounds "11"]
[EventCountry "AUT"]

1.d4 Nf6 2.c4 g6 3.Nc3 Bg7 4.e4 d6 5.Nf3 O-O 6.h3 c5 7.d5 e6 8.Bd3 Na6 9.O-O Nc7
10.Be3 exd5 11.exd5 Nd7 12.Qd2 a6 13.Bh6 Rb8 14.Rae1 b5 15.b3 f6 16.Ne4 Ne8
17.Bxg7 Kxg7 18.Qc3 b4 19.Qb2 Kg8 20.Nh2 f5 21.Nd2 Ne5 22.Bc2 Qf6 23.Qa1 Ng7
24.f4 Nd7 25.Re3 Qxa1 26.Rxa1 Nf6 27.g3 Kf7 28.a3 Re8 29.Ndf1 bxa3 30.Rxa3 Bb7
31.Kf2 h6 32.Ra1 Ngh5 33.Rae1 Rxe3 34.Nxe3 Re8 35.Rg1 Bc8 36.Kf3 Ng7 37.g4 Re7
38.Kf2 Re8 39.Kf3 Re7 40.Bd3 Re8 41.Ra1 Rg8 42.gxf5 Nxf5 43.Bxf5 gxf5 44.Ra4 Nh5
45.Nef1 Ke7 46.b4 cxb4 47.Rxb4 Nf6 48.Ng3 Rf8 49.Rb3 Nd7

[Event "7th EuropCh Women"]
[Site "Kusadasi / Turkey"]
[Date "2006.04.10"]
[Round "7"]
[Board "1"]
[White "Arakhamia Grant, Ketevan"]
[Black "Kadimova, Ilaha"]
[Result "0-1"]
[WhiteElo "2423"]
[BlackElo "2310"]
[PlyCount "128"]
[EventDate "2006.04.04"]
[EventRounds "11"]
[EventCountry "AUT"]

1.e4 c6 2.d4 d5 3.e5 Bf5 4.Nf3 e6 5.Be2 Nd7 6.O-O h6 7.Nbd2 Ne7 8.Nb3 Bh7 9.c3
Qb6 10.a4 a5 11.Ne1 Qc7 12.f4 Nc8 13.Be3 Ncb6 14.Nd2 Be7 15.g4 O-O 16.f5 Qd8
17.Ng2 Bg5 18.Nf3 Bxe3+ 19.Nxe3 Qe7 20.Bd3 f6 21.fxe6 Qxe6 22.Bf5 Qe8 23.Bxh7+
Kxh7 24.Qd3+ g6 25.Rae1 fxe5 26.Nxe5 Nxe5 27.dxe5 Nd7 28.Ng2 Qe6 29.Qg3 Rxf1+
30.Rxf1 Nxe5 31.g5 hxg5 32.Qxg5 Kg7 33.Nf4 Qg4+ 34.Qxg4 Nxg4 35.Ne6+ Kg8 36.Nc5
Rb8 37.h3 Ne5 38.Rf6 b6 39.Ne6 Re8 40.Ng5 Re7 41.b3 Kg7 42.Rd6 Kh6 43.Ne6 Rd7
44.Rxd7 Nxd7 45.b4 g5 46.Kf2 Kg6 47.bxa5 bxa5 48.Ke3 c5 49.Nd8 Nb6 50.Nc6 Nxa4
51.Ne7+ Kh5 52.Nxd5 Kh4 53.Kd3 Nb2+ 54.Kc2 Nc4 55.Kb3 Nd6 56.Nc7 Kxh3 57.Ne6 Ne4
58.c4 g4 59.Ka4 g3 60.Nf4+ Kg4 61.Ng2 Kf3 62.Nh4+ Kf2 63.Kxa5 g2 64.Nxg2 Kxg2

[Event "7th EuropCh Women"]
[Site "Kusadasi / Turkey"]
[Date "2006.04.10"]
[Round "7"]
[Board "1"]
[White "Velcheva, Maria"]
[Black "Vasilevich, Tatjana"]
[Result "1/2-1/2"]
[WhiteElo "2279"]
[BlackElo "2395"]
[PlyCount "85"]
[EventDate "2006.04.04"]
[EventRounds "11"]
[EventCountry "AUT"]

1.e4 c5 2.Nf3 e6 3.d4 cxd4 4.Nxd4 a6 5.c4 Nf6 6.Nc3 Qc7 7.Be3 Bb4 8.Qb3 Bxc3+
9.Qxc3 O-O 10.f3 e5 11.Nb3 d6 12.Be2 Be6 13.a4 Nbd7 14.a5 Rfc8 15.Nd2 b5 16.axb6
Nxb6 17.O-O Qb8 18.Rfc1 Rc6 19.Qa5 Qc7 20.b4 Rc8 21.c5 Nfd7 22.Bxa6 Ra8 23.Nf1
dxc5 24.bxc5 Nc4 25.Qxc7 Rxc7 26.Bxc4 Rxa1 27.Rxa1 Bxc4 28.Ra8+ Nf8 29.Nd2 Be6
30.Kf2 f6 31.Ke2 Kf7 32.Kd3 Nd7 33.Ra5 Nb8 34.Rb5 Nc6 35.Nc4 Ra7 36.Rb6 Bd7
37.Bd2 Ra2 38.Ke3 Nd4 39.Rb7 Ke8 40.Rb8+ Kf7 41.Rb7 Ke8 42.Rb8+ Kf7 43.Rb7

[Event "7th EuropCh Women"]
[Site "Kusadasi / Turkey"]
[Date "2006.04.10"]
[Round "7"]
[Board "1"]
[White "Sedina, Elena"]
[Black "Majdan, Joanna"]
[Result "1-0"]
[WhiteElo "2373"]
[BlackElo "2297"]
[PlyCount "67"]
[EventDate "2006.04.04"]
[EventRounds "11"]
[EventCountry "AUT"]

1.e4 g6 2.d4 Bg7 3.c3 d6 4.Nf3 Nd7 5.Bc4 e6 6.O-O Ne7 7.Re1 a6 8.a4 b6 9.Bf4 h6
10.h4 Bb7 11.e5 d5 12.Bd3 c5 13.b4 Bf8 14.bxc5 bxc5 15.Nbd2 Rg8 16.Nf1 Nc6
17.Rb1 Rb8 18.Qd2 cxd4 19.cxd4 a5 20.Rec1 Ba3 21.Rxb7 Bxc1 22.Rxb8 Bxd2 23.Rxd8+
Kxd8 24.N1xd2 Rh8 25.Nb3 Kc7 26.Bd2 Kb6 27.Bb5 Ndb8 28.Kf1 Nb4 29.Ke2 Rc8 30.Nc5
Nc2 31.Bxh6 Nxd4+ 32.Nxd4 Rxc5 33.Be3 Rc3 34.Kd2

[Event "7th EuropCh Women"]
[Site "Kusadasi / Turkey"]
[Date "2006.04.10"]
[Round "7"]
[Board "1"]
[White "Turova, Irina"]
[Black "Mamedjarova, Turkan"]
[Result "1-0"]
[WhiteElo "2362"]
[BlackElo "2280"]
[PlyCount "68"]
[EventDate "2006.04.04"]
[EventRounds "11"]
[EventCountry "AUT"]

1.d4 f5 2.g3 Nf6 3.Bg2 g6 4.Nf3 Bg7 5.O-O O-O 6.b3 d6 7.Bb2 Qe8 8.c4 Nbd7 9.Nc3
c6 10.Qc2 Nh5 11.d5 Ndf6 12.e3 Bd7 13.h3 Qc8 14.dxc6 Bxc6 15.Qe2 Ne4 16.Nxe4
Bxe4 17.Bxg7 Nxg7 18.Rac1 b6 19.Nd4 Bxg2 20.Kxg2 Ne6 21.Qf3 Nxd4 22.exd4 Rb8
23.d5 f4 24.g4 e5 25.dxe6 Qxe6 26.Rfe1 Qf7 27.Rcd1 Rbd8 28.Re4 g5 29.Red4 Qf6
30.b4 Rfe8 31.R1d3 Qe5 32.Qd5+ Qxd5+ 33.Rxd5 Re2 34.Rxg5+ Kh8

[Event "7th EuropCh Women"]
[Site "Kusadasi / Turkey"]
[Date "2006.04.10"]
[Round "7"]
[Board "1"]
[White "Kursova, Maria"]
[Black "Andriasian, Siranush"]
[Result "1-0"]
[WhiteElo "2333"]
[BlackElo "2237"]
[PlyCount "81"]
[EventDate "2006.04.04"]
[EventRounds "11"]
[EventCountry "AUT"]

1.d4 Nf6 2.Nf3 e6 3.c4 Bb4+ 4.Nbd2 b6 5.a3 Bxd2+ 6.Qxd2 Bb7 7.g3 d5 8.cxd5 Bxd5
9.Bg2 O-O 10.O-O Nbd7 11.b4 b5 12.a4 bxa4 13.Rxa4 Nb6 14.Ra1 Nc4 15.Qd3 Nd6
16.Bg5 Be4 17.Qc3 Nd5 18.Qc5 Qb8 19.Bd2 Qb6 20.Rfc1 Nb5 21.e3 Qb7 22.Bf1 Bxf3
23.Qxb5 Qc8 24.Qc5 a6 25.Qc6 e5 26.dxe5 Qf5 27.Qc5 Be4 28.Rc4 Rad8 29.f4 g5
30.Be1 gxf4 31.exf4 Qg6 32.Qf2 Bd3 33.Bxd3 Qxd3 34.Rd4 Qb5 35.Ra5 Qc6 36.Qd2 Qb6
37.Rc5 c6 38.Bf2 Rb8 39.f5 Kh8 40.Rh4 Qc7 41.Qxd5

[Event "7th EuropCh Women"]
[Site "Kusadasi / Turkey"]
[Date "2006.04.10"]
[Round "7"]
[Board "1"]
[White "Juergens, Vera"]
[Black "Topel, Zehra"]
[Result "1/2-1/2"]
[WhiteElo "2330"]
[BlackElo "2139"]
[PlyCount "134"]
[EventDate "2006.04.04"]
[EventRounds "11"]
[EventCountry "AUT"]

1.Nf3 Nf6 2.g3 g6 3.Bg2 Bg7 4.O-O O-O 5.d4 d6 6.a4 c6 7.a5 Na6 8.c3 Bg4 9.Nbd2
Qd7 10.Re1 h6 11.Qb3 Rab8 12.Nc4 Bh3 13.Bh1 Kh8 14.e4 Nh5 15.Qc2 Nc7 16.Bg2 Bxg2
17.Kxg2 g5 18.Qe2 Nf6 19.h3 Nh7 20.e5 Nd5 21.Nh2 f5 22.exf6 Nhxf6 23.Qe6 Qxe6
24.Rxe6 Rf7 25.Bd2 Rbf8 26.f3 Nd7 27.Rae1 Kh7 28.Bc1 c5 29.dxc5 Nxc5 30.R6e2 b5
31.axb6 Nxb6 32.Nxb6 axb6 33.Rd1 Ra8 34.Be3 Ra2 35.Bd4 Na4 36.Bxg7 Kxg7 37.Rdd2
Ra1 38.Ng4 Nc5 39.Ne3 Nd7 40.Nd5 Ne5 41.Rf2 b5 42.f4 gxf4 43.Nxf4 Nc4 44.Rde2 e5
45.Ne6+ Kg8 46.Rxf7 Kxf7 47.Nc7 b4 48.cxb4 Ra7 49.Nd5 Rb7 50.b3 Nb6 51.Nxb6 Rxb6
52.Re4 Kf6 53.Rh4 Kg5 54.Rc4 d5 55.Rc5 Rxb4 56.Rxd5 Rxb3 57.Rxe5+ Kg6 58.Re6+
Kg7 59.g4 Ra3 60.h4 Rb3 61.Kf2 Rh3 62.h5 Ra3 63.Re7+ Kf6 64.Rh7 Kg5 65.Rg7+ Kh4
66.Rg6 Rb3 67.Ke2 Ra3

[Event "7th EuropCh Women"]
[Site "Kusadasi / Turkey"]
[Date "2006.04.10"]
[Round "7"]
[Board "1"]
[White "Kachiani Gersinska,  Ketino"]
[Black "Muhren, Bianca"]
[Result "0-1"]
[WhiteElo "2421"]
[BlackElo "2253"]
[PlyCount "82"]
[EventDate "2006.04.04"]
[EventRounds "11"]
[EventCountry "AUT"]

1.d4 d5 2.c4 dxc4 3.Nf3 Nf6 4.e3 e6 5.Bxc4 c5 6.O-O a6 7.Bb3 b5 8.a4 b4 9.Nbd2
Bb7 10.e4 cxd4 11.e5 Nfd7 12.Nc4 Nc5 13.Bg5 Qc7 14.Nxd4 Nxb3 15.Qxb3 Nc6 16.Rad1
Nxe5 17.Nxe6 fxe6 18.Nxe5 Qxe5 19.Rfe1 Qxg5 20.Qxe6+ Be7 21.Qd7+ Kf7 22.Qxb7
Rhd8 23.Rc1 Rab8 24.Qxa6 Qf6 25.Rc6 Rd6 26.Rxe7+ Kxe7 27.Qa7+ Rd7 28.Qc5+ Ke8
29.h3 Qe7 30.Qf5 g6 31.Qf4 Rbd8 32.Kh2 Rd6 33.Rc4 Rf6 34.Qh4 Rf5 35.Re4 Re5
36.Qxe7+ Rxe7 37.Rxb4 Rd5 38.Rb8+ Rd8 39.Rb6 Ra7 40.b3 Rdd7 41.Kg3 Rab7

[Event "7th EuropCh Women"]
[Site "Kusadasi / Turkey"]
[Date "2006.04.10"]
[Round "7"]
[Board "1"]
[White "Peng, Zhaoqin"]
[Black "Tsiganova, Monika"]
[Result "1-0"]
[WhiteElo "2395"]
[BlackElo "2267"]
[PlyCount "77"]
[EventDate "2006.04.04"]
[EventRounds "11"]
[EventCountry "AUT"]

1.d4 Nf6 2.c4 e6 3.Nf3 b6 4.g3 Ba6 5.b3 Bb7 6.Bg2 Bb4+ 7.Bd2 a5 8.O-O O-O 9.Bg5
Be7 10.Bxf6 Bxf6 11.Nc3 d6 12.Qc2 Nd7 13.Rad1 g6 14.d5 exd5 15.cxd5 Nc5 16.Nd4
Bg7 17.Rfe1 f5 18.e3 Qf6 19.a3 Rae8 20.b4 axb4 21.axb4 Na6 22.Qa4 Re7 23.Rc1 f4
24.gxf4 Qh4 25.Nce2 Bc8 26.Ne6 Rf6 27.Nxg7 Kxg7 28.Nd4 g5 29.Nf3 Qh5 30.Nxg5 h6
31.Ne6+ Rexe6 32.dxe6 Rg6 33.Qd1 Qh3 34.Qd5 Kh7 35.Qe4 Qxe6 36.Kh1 Qf7 37.Rg1
Bf5 38.Qb7 Bd3 39.Be4

[Event "7th EuropCh Women"]
[Site "Kusadasi / Turkey"]
[Date "2006.04.10"]
[Round "7"]
[Board "1"]
[White "Klinova, Masha"]
[Black "Schuurman, Petra"]
[Result "1/2-1/2"]
[WhiteElo "2357"]
[BlackElo "2258"]
[PlyCount "109"]
[EventDate "2006.04.04"]
[EventRounds "11"]
[EventCountry "AUT"]

1.e4 c6 2.d4 d5 3.Nc3 dxe4 4.Nxe4 Bf5 5.Ng3 Bg6 6.h4 h6 7.Nf3 Nd7 8.h5 Bh7 9.Bd3
Bxd3 10.Qxd3 e6 11.Bf4 Ngf6 12.O-O-O Nd5 13.Bd2 Nb4 14.Bxb4 Bxb4 15.Ne4 Qc7
16.c4 f5 17.Ng3 O-O-O 18.Kb1 Rhe8 19.Ne2 Be7 20.Nc3 Bf6 21.Rhe1 Kb8 22.Qc2 Qf4
23.d5 cxd5 24.cxd5 Rc8 25.dxe6 Nb6 26.Qb3 Rc6 27.e7 Rxe7 28.Rxe7 Bxe7 29.Qg8+
Nc8 30.Qd5 Bf6 31.g3 Qb4 32.Ne5 Rxc3 33.Rd4 Rc1+ 34.Kxc1 Qe1+ 35.Rd1 Qxe5
36.Qxe5+ Bxe5 37.Rd5 Bf6 38.Rxf5 Nd6 39.Rf3 Kc7 40.Rd3 Nc4 41.b3 Ne5 42.Rd1 Be7
43.Kd2 Bc5 44.Ke2 Ng4 45.f3 Nf6 46.g4 b5 47.Kd3 Kd6 48.a4 a6 49.axb5 axb5 50.Ra1
Kc6 51.Ra8 Kb7 52.Ra5 Kb6 53.Ra8 Kb7 54.Ra5 Kb6 55.Ra8

[Event "7th EuropCh Women"]
[Site "Kusadasi / Turkey"]
[Date "2006.04.10"]
[Round "7"]
[Board "1"]
[White "Nill, Jessica"]
[Black "Gilbert, Jessie"]
[Result "1-0"]
[WhiteElo "2339"]
[BlackElo "2144"]
[PlyCount "81"]
[EventDate "2006.04.04"]
[EventRounds "11"]
[EventCountry "AUT"]

1.d4 g6 2.c4 Bg7 3.Nc3 d6 4.e4 Nf6 5.Nf3 O-O 6.Be2 e5 7.O-O Nc6 8.d5 Ne7 9.b4 a5
10.Ba3 Nh5 11.c5 axb4 12.Bxb4 dxc5 13.Bxc5 Nf4 14.Bc4 Bg4 15.h3 Bxf3 16.Qxf3 Bh8
17.Rad1 f5 18.Nb5 Ra4 19.Qb3 Rxc4 20.Qxc4 Nexd5 21.exd5 Qg5 22.g3 Nxh3+ 23.Kh2
Nf4 24.f3 Qh5+ 25.Kg1 Qh3 26.Qc2 Qxg3+ 27.Kh1 Ra8 28.Qh2 Qxh2+ 29.Kxh2 Rxa2+
30.Rf2 Ra5 31.d6 cxd6 32.Rb2 d5 33.Bb6 Ra4 34.Nc3 Ra3 35.Nxd5 Ne6 36.Nc7 e4
37.Nxe6 Bf6 38.Bd4 Bxd4 39.Rxd4 h5 40.Rd8+ Kh7 41.Rxb7+

[Event "7th EuropCh Women"]
[Site "Kusadasi / Turkey"]
[Date "2006.04.10"]
[Round "7"]
[Board "1"]
[White "Cherednichenko, Svetlana"]
[Black "Makropoulou, Marina"]
[Result "0-1"]
[WhiteElo "2238"]
[BlackElo "2305"]
[PlyCount "74"]
[EventDate "2006.04.04"]
[EventRounds "11"]
[EventCountry "AUT"]

1.d4 d6 2.Nf3 g6 3.c4 Bg7 4.e4 Nd7 5.Be2 e5 6.d5 Ne7 7.O-O O-O 8.Ne1 f5 9.f3 Nf6
10.Nc3 f4 11.Nd3 g5 12.c5 h5 13.cxd6 cxd6 14.Nf2 Rf7 15.h3 Bf8 16.Bd2 Rg7 17.Rc1
Ng6 18.Nb5 a6 19.Na3 Nh4 20.Be1 Bd7 21.Nc4 Rc8 22.Ba5 Qe8 23.Nb6 Rxc1 24.Qxc1
Bb5 25.Qd1 Be7 26.a4 Bxe2 27.Qxe2 Bd8 28.b3 Bc7 29.Nc4 Bxa5 30.Nxa5 g4 31.fxg4
hxg4 32.Nxg4 Nxg4 33.hxg4 Qc8 34.Nc4 Rxg4 35.Nxd6 Qc5+ 36.Kh1 Rxg2 37.Qh5 Rh2+

[Event "7th EuropCh Women"]
[Site "Kusadasi / Turkey"]
[Date "2006.04.10"]
[Round "7"]
[Board "1"]
[White "Sebag, Marie"]
[Black "Bashkite, Viktoria"]
[Result "1-0"]
[WhiteElo "2434"]
[BlackElo "2205"]
[PlyCount "75"]
[EventDate "2006.04.04"]
[EventRounds "11"]
[EventCountry "AUT"]

1.e4 d6 2.d4 Nf6 3.Nc3 c6 4.g3 Qa5 5.Bg2 e5 6.Nge2 b5 7.O-O b4 8.Nb1 Ba6 9.Re1
Be7 10.h3 O-O 11.g4 Bxe2 12.Rxe2 Na6 13.Nd2 Qb5 14.Nf1 Nc7 15.Ng3 Ne6 16.Nf5
Rfe8 17.d5 cxd5 18.exd5 Nc5 19.Bg5 Ncd7 20.Qd2 Bf8 21.Rae1 Rac8 22.Bh4 Rc5
23.Qg5 Kh8 24.f4 Nxd5 25.fxe5 dxe5 26.Bg3 N5f6 27.Qd2 Nb6 28.Nd6 Bxd6 29.Qxd6
Nc4 30.Qd3 Qa5 31.b3 Rd8 32.Qf3 e4 33.Qf2 Ne5 34.g5 Nf3+ 35.Bxf3 exf3 36.Re5 Nd7
37.Re8+ Nf8 38.Rxd8

[Event "7th EuropCh Women"]
[Site "Kusadasi / Turkey"]
[Date "2006.04.10"]
[Round "7"]
[Board "1"]
[White "Petrenko, Svetlana"]
[Black "Umudova, Nargiz"]
[Result "1/2-1/2"]
[WhiteElo "2334"]
[BlackElo "2174"]
[PlyCount "75"]
[EventDate "2006.04.04"]
[EventRounds "11"]
[EventCountry "AUT"]

1.e4 c5 2.Nf3 Nc6 3.d4 cxd4 4.Nxd4 Nf6 5.Nc3 e5 6.Ndb5 d6 7.Bg5 a6 8.Na3 b5
9.Nd5 Be7 10.Bxf6 Bxf6 11.c3 Ne7 12.Nc2 Nxd5 13.Qxd5 Rb8 14.Rd1 Be7 15.Ne3 O-O
16.Be2 Be6 17.Qd2 Bg5 18.h4 Bxe3 19.Qxe3 Bxa2 20.Ra1 Bc4 21.Rxa6 d5 22.exd5 Qxd5
23.O-O b4 24.Rd1 Qxd1+ 25.Bxd1 Bxa6 26.Qxe5 Rbe8 27.Qh5 bxc3 28.bxc3 g6 29.Qf3
Bb7 30.Qxb7 Re1+ 31.Kh2 Rxd1 32.g3 h5 33.c4 Rc1 34.Qc7 Rc2 35.Kg2 Re8 36.c5 Re6
37.Qd8+ Kh7 38.Qd4

[Event "7th EuropCh Women"]
[Site "Kusadasi / Turkey"]
[Date "2006.04.10"]
[Round "7"]
[Board "1"]
[White "Aginian, Nelly"]
[Black "Khudaverdieva, Afag"]
[Result "1-0"]
[WhiteElo "2333"]
[BlackElo "2156"]
[PlyCount "41"]
[EventDate "2006.04.04"]
[EventRounds "11"]
[EventCountry "AUT"]

1.e4 e6 2.d4 d5 3.exd5 exd5 4.c4 c6 5.Nc3 Nf6 6.Nf3 Be7 7.Bd3 dxc4 8.Bxc4 O-O
9.h3 h6 10.O-O Bf5 11.Ne5 Qb6 12.Re1 Bd6 13.Qf3 Bh7 14.Bxh6 Bxe5 15.dxe5 Nd5
16.Qg4 Bg6 17.Be3 Nxe3 18.Rxe3 Kh7 19.Rg3 c5 20.Qh4+ Kg8 21.Ne4

[Event "7th EuropCh Women"]
[Site "Kusadasi / Turkey"]
[Date "2006.04.10"]
[Round "7"]
[Board "1"]
[White "Benderac, Ana"]
[Black "Norinkeviciute, Rasa"]
[Result "1-0"]
[WhiteElo "2293"]
[BlackElo "2106"]
[PlyCount "87"]
[EventDate "2006.04.04"]
[EventRounds "11"]
[EventCountry "AUT"]

1.d4 Nf6 2.c4 e6 3.e3 b6 4.Be2 Bb7 5.Nf3 d5 6.O-O Be7 7.cxd5 exd5 8.Ne5 O-O 9.b3
Bd6 10.Bb2 Qe7 11.Nd2 Re8 12.Rc1 c6 13.Qe1 Nfd7 14.Ndf3 f6 15.Nxd7 Nxd7 16.Bd3
g6 17.a4 a5 18.Qd2 f5 19.Rfe1 Rac8 20.g3 Bb4 21.Bc3 Bd6 22.Nh4 Nf6 23.f3 Rc7
24.Ng2 Bc8 25.Kf2 Qd8 26.b4 axb4 27.Bxb4 c5 28.dxc5 Bxc5 29.Bxc5 bxc5 30.Bb5 Bd7
31.Red1 Bxb5 32.axb5 Qb8 33.Qb2 Qb6 34.Ra1 d4 35.Ra6 Qb8 36.Rxf6 dxe3+ 37.Nxe3
Rce7 38.Rdd6 Rf8 39.Rxf8+ Qxf8 40.Nd5 Rb7 41.Nf6+ Kf7 42.Rd7+ Rxd7 43.Nxd7 Qc8
44.b6